[Event "Paul Keres mem (24th)"]
[Site "New Westminster CAN"]
[Date "1999.05.22"]
[Round "2"]
[White "Teplitsky, Yan"]
[Black "Niksic, John"]
[Result "1-0"]
[WhiteElo "2526"]
[BlackElo "2170"]
[PlyCount "125"]
[GameId "2160767911804967"]
[EventDate "1999.05.21"]
[EventType "swiss"]
[EventRounds "7"]
[EventCountry "CAN"]

1. d4 Nf6 2. c4 e6 3. Nc3 Bb4 4. Qc2 O-O 5. a3 Bxc3+ 6. Qxc3 h6 7. Nf3 b6 8. e3 Bb7 9. Be2 a5 10. b3 d6 11. Bb2 Nbd7 12. O-O Ne4 13. Qc2 f5 14. Rad1 Qe7 15. Ne1 g6 16. f3 Nef6 17. Nd3 e5 18. dxe5 dxe5 19. Qc3 Rae8 20. b4 axb4 21. axb4 e4 22. Nf4 exf3 23. Bxf3 Bxf3 24. Rxf3 Kh7 25. h3 Ne4 26. Qb3 Ndf6 27. Rff1 Rd8 28. Nd5 Nxd5 29. cxd5 Rfe8 30. Rd3 Rd7 31. Ba1 Red8 32. Rfd1 Qh4 33. Qb2 Qg3 34. Qe2 Ng5 35. e4 Nxh3+ 36. Kf1 Qf4+ 37. Rf3 Qxe4 38. Qxe4 fxe4 39. Rxh3 Rxd5 40. Rxd5 Rxd5 41. Ke2 Rg5 42. Kf2 Rf5+ 43. Ke3 Rg5 44. g3 Rb5 45. Bc3 c5 46. bxc5 Rb3 47. Kd2 bxc5 48. Rh4 e3+ 49. Kc2 Rb6 50. Re4 g5 51. Kd3 Kg6 52. Kxe3 h5 53. Re5 Rc6 54. Ke4 Ra6 55. Bd2 Ra4+ 56. Kf3 Rg4 57. Rxc5 Kh6 58. Be3 Kg6 59. Re5 Kh6 60. Re4 Rxe4 61. Kxe4 Kg6 62. Ke5 g4 63. Bf4 1-0

[Event "Paul Keres mem (24th)"]
[Site "New Westminster CAN"]
[Date "1999.05.22"]
[Round "2"]
[White "Wong, Samuel"]
[Black "Poitras, Luc"]
[Result "1/2-1/2"]
[WhiteElo "1885"]
[BlackElo "2201"]
[PlyCount "74"]
[GameId "2160767911804968"]
[EventDate "1999.05.21"]
[EventType "swiss"]
[EventRounds "7"]
[EventCountry "CAN"]

1. d4 Nf6 2. c4 g6 3. Nc3 Bg7 4. e4 d6 5. Nf3 O-O 6. Be2 Nbd7 7. O-O e5 8. Re1 Nh5 9. Bf1 c6 10. d5 c5 11. Nb5 Qe7 12. Bg5 f6 13. Bd2 Rf7 14. Ba5 b6 15. Bd2 Nf8 16. g3 h6 17. h3 a6 18. Nc3 Qe8 19. a4 Rb8 20. Nh4 Re7 21. Kh2 f5 22. Bd3 Qf7 23. Qf3 f4 24. g4 Nf6 25. Rg1 N6h7 26. Qe2 Qf6 27. Nf3 g5 28. Ne1 Rf7 29. f3 h5 30. Kg2 hxg4 31. hxg4 Ng6 32. Kf2 Nh4 33. Ng2 Nxg2 34. Rxg2 Nf8 35. Rh1 Ng6 36. Be1 Bf8 37. Kf1 Rbb7 1/2-1/2

[Event "Paul Keres mem (24th)"]
[Site "New Westminster CAN"]
[Date "1999.05.22"]
[Round "2"]
[White "Woodward, Greg"]
[Black "Wright, Stephen"]
[Result "1/2-1/2"]
[WhiteElo "1958"]
[BlackElo "2256"]
[PlyCount "87"]
[GameId "2160767911804969"]
[EventDate "1999.05.21"]
[EventType "swiss"]
[EventRounds "7"]
[EventCountry "CAN"]

1. d4 f5 2. Bg5 g6 3. e4 fxe4 4. Nc3 Nf6 5. f3 d5 6. Qd2 Be6 7. O-O-O c6 8. Be2 Nbd7 9. h4 Qa5 10. Kb1 Bf7 11. Nxe4 Qxd2 12. Nxd2 Bg7 13. Bd3 O-O-O 14. Ne2 e5 15. Rhe1 Rde8 16. c3 exd4 17. Nxd4 Ne5 18. Bc2 a6 19. Re2 Nfd7 20. Rde1 c5 21. N4b3 b6 22. f4 Ng4 23. Rxe8+ Rxe8 24. Rxe8+ Bxe8 25. f5 gxf5 26. Bxf5 Bg6 27. Bxg6 hxg6 28. Nf3 Nf8 29. Bf4 Kd7 30. a4 Ne6 31. Bg3 Bf6 32. Nc1 Ne3 33. Be5 Ke7 34. g3 Nf5 35. Ne2 b5 36. axb5 axb5 37. Kc1 Nd6 38. g4 Nc4 39. Bxf6+ Kxf6 40. Ng3 Nf4 41. h5 gxh5 42. gxh5 Nd6 43. Kc2 Nf5 44. Nxf5 1/2-1/2

[Event "Paul Keres mem (24th)"]
[Site "New Westminster CAN"]
[Date "1999.05.22"]
[Round "3"]
[White "Adam, Valerian"]
[Black "Remedios, Russell"]
[Result "0-1"]
[WhiteElo "2315"]
[BlackElo "2112"]
[PlyCount "46"]
[GameId "2160767911804970"]
[EventDate "1999.05.21"]
[EventType "swiss"]
[EventRounds "7"]
[EventCountry "CAN"]

1. e4 c5 2. c4 Nc6 3. Nf3 e5 4. Be2 g6 5. O-O Bg7 6. d3 d6 7. Nc3 Nge7 8. Ne1 O-O 9. Nd5 Nxd5 10. cxd5 Nd4 11. Be3 Qb6 12. b3 Bd7 13. f4 exf4 14. Bxd4 Bxd4+ 15. Kh1 Bxa1 16. Qxa1 f5 17. Rxf4 fxe4 18. Rxe4 Rae8 19. Bf3 Rxe4 20. dxe4 Qb4 21. Nd3 Qd2 22. Nb2 Qc3 23. Qb1 Rxf3 0-1

[Event "Paul Keres mem (24th)"]
[Site "New Westminster CAN"]
[Date "1999.05.22"]
[Round "3"]
[White "Bojovic, Gavrilo"]
[Black "Wong, Samuel"]
[Result "0-1"]
[WhiteElo "2153"]
[BlackElo "1885"]
[PlyCount "92"]
[GameId "2160767911804971"]
[EventDate "1999.05.21"]
[EventType "swiss"]
[EventRounds "7"]
[EventCountry "CAN"]

1. e4 c5 2. d4 cxd4 3. c3 dxc3 4. Nxc3 Nc6 5. Bc4 d6 6. Nf3 e6 7. O-O a6 8. Qe2 Nf6 9. Rd1 Qc7 10. Bf4 Be7 11. e5 dxe5 12. Nxe5 Nxe5 13. Bxe5 Qa5 14. Rd3 O-O 15. Rg3 b5 16. Qe3 g6 17. Be2 Bb7 18. Bf3 Bxf3 19. Rxf3 Ng4 20. Qf4 Nxe5 21. Qxe5 Rac8 22. Rh3 Qc7 23. Qe3 h5 24. Qh6 Qe5 25. f4 Qg7 26. Qxg7+ Kxg7 27. a3 Bf6 28. Rd1 Rfd8 29. Rhd3 Rxd3 30. Rxd3 Bxc3 31. bxc3 Rc4 32. g3 Ra4 33. c4 Rxc4 34. Rd6 a5 35. Rb6 b4 36. a4 Rc1+ 37. Kg2 Ra1 38. Kh3 Rxa4 39. g4 hxg4+ 40. Kxg4 Ra3 41. f5 exf5+ 42. Kh4 b3 43. Kg5 a4 44. h4 Ra2 45. h5 gxh5 46. Kxh5 b2 0-1

[Event "Paul Keres mem (24th)"]
[Site "New Westminster CAN"]
[Date "1999.05.22"]
[Round "3"]
[White "Harris, Philip"]
[Black "Sokourinski, Sergei"]
[Result "1/2-1/2"]
[WhiteElo "2095"]
[BlackElo "2268"]
[PlyCount "39"]
[GameId "2160767911804972"]
[EventDate "1999.05.21"]
[EventType "swiss"]
[EventRounds "7"]
[EventCountry "CAN"]

1. e4 c6 2. d4 d5 3. exd5 cxd5 4. c4 Nf6 5. Nc3 Nc6 6. Nf3 Bf5 7. Bg5 Ne4 8. cxd5 Nxc3 9. bxc3 Qxd5 10. Qb3 Qxb3 11. axb3 e6 12. Bb5 Bd6 13. Ne5 O-O 14. Nc4 Bc7 15. O-O a6 16. Bxc6 bxc6 17. Na5 Bxa5 18. Rxa5 Rfb8 19. b4 Rb5 20. Rfa1 1/2-1/2

[Event "Paul Keres mem (24th)"]
[Site "New Westminster CAN"]
[Date "1999.05.22"]
[Round "3"]
[White "Jose, Marionito"]
[Black "Small, Hugh"]
[Result "1-0"]
[WhiteElo "1883"]
[BlackElo "1734"]
[PlyCount "68"]
[GameId "2160767911804974"]
[EventDate "1999.05.21"]
[EventType "swiss"]
[EventRounds "7"]
[EventCountry "CAN"]

1. e4 b6 2. d4 Bb7 3. Bd3 Nf6 4. Qe2 e6 5. f4 Nc6 6. c3 Be7 7. Nf3 d5 8. e5 Ne4 9. Bxe4 dxe4 10. Qxe4 Nb4 11. Qe2 Bxf3 12. gxf3 Bh4+ 13. Kf1 Nc6 14. Be3 Qd7 15. Nd2 O-O-O 16. a4 f5 17. b4 Ne7 18. Qa6+ Kb8 19. a5 Nd5 20. Qd3 h6 21. axb6 cxb6 22. Ke2 g5 23. Rhb1 Rhg8 24. c4 Nxf4+ 25. Bxf4 gxf4 26. Rg1 Bg5 27. Nb3 Be7 28. c5 Rxg1 29. Rxg1 Qa4 30. Qc3 Qa2+ 31. Nd2 Qd5 32. Nb3 Qc6 33. Qc4 a6 34. Qxa6 bxc5 1-0

[Event "Paul Keres mem (24th)"]
[Site "New Westminster CAN"]
[Date "1999.05.22"]
[Round "3"]
[White "Kostadinov, George"]
[Black "Berry, Jonathan"]
[Result "1-0"]
[WhiteElo "2118"]
[BlackElo "2383"]
[PlyCount "61"]
[GameId "2160767911804975"]
[EventDate "1999.05.21"]
[EventType "swiss"]
[EventRounds "7"]
[EventCountry "CAN"]

1. d4 Nf6 2. c4 e6 3. Nc3 Bb4 4. e3 c5 5. a3 Bxc3+ 6. bxc3 d6 7. Bd3 Nc6 8. Ne2 e5 9. f3 Qe7 10. O-O g6 11. e4 Nh5 12. d5 Nd8 13. Qd2 f6 14. g4 Ng7 15. Qh6 Qf8 16. Bc2 Nf7 17. Ba4+ Kd8 18. Qh4 Qe7 19. Bh6 Nxh6 20. Qxh6 Kc7 21. Rab1 Qf7 22. f4 Bxg4 23. fxe5 dxe5 24. Qh4 Bxe2 25. Rxf6 Raf8 26. Rxf7+ Rxf7 27. Qg5 Kd6 28. Rxb7 Ne6 29. Qf6 Rxb7 30. Qxe6+ Kc7 31. Qxe5+ 1-0

[Event "Paul Keres mem (24th)"]
[Site "New Westminster CAN"]
[Date "1999.05.22"]
[Round "3"]
[White "Kovacs, George"]
[Black "Pitre, Hanniegn"]
[Result "0-1"]
[WhiteElo "1795"]
[BlackElo "1999"]
[PlyCount "76"]
[GameId "2160767911804976"]
[EventDate "1999.05.21"]
[EventType "swiss"]
[EventRounds "7"]
[EventCountry "CAN"]

1. d4 Nf6 2. Nf3 g6 3. e3 d5 4. Bd3 Bg7 5. Nbd2 O-O 6. O-O Bg4 7. h3 Bxf3 8. Qxf3 Nc6 9. c4 e5 10. cxd5 Nxd5 11. Be4 Nde7 12. dxe5 Nxe5 13. Qe2 c6 14. f4 Nd7 15. Bc2 Nd5 16. e4 Bd4+ 17. Kh2 Ne3 18. Nb3 Nxf1+ 19. Qxf1 Bb6 20. Bd2 a5 21. Bc3 Nf6 22. Qe1 Nh5 23. g3 a4 24. Nd2 Bd4 25. Bd1 Bxc3 26. bxc3 Nf6 27. e5 Re8 28. Be2 Nd5 29. Ne4 Qb6 30. Bc4 Qb2+ 31. Kg1 Ne3 32. Nf6+ Kh8 33. Qxe3 Qxa1+ 34. Kg2 Qb2+ 35. Kf3 Red8 36. Bxf7 Qh2 37. Kg4 Qc2 38. e6 Qf5+ 0-1

[Event "Paul Keres mem (24th)"]
[Site "New Westminster CAN"]
[Date "1999.05.22"]
[Round "3"]
[White "Krzyzowski, Ernest"]
[Black "Bates, Darren"]
[Result "1-0"]
[WhiteElo "1937"]
[BlackElo "1617"]
[PlyCount "69"]
[GameId "2160767911804977"]
[EventDate "1999.05.21"]
[EventType "swiss"]
[EventRounds "7"]
[EventCountry "CAN"]

1. c4 f5 2. Nc3 e5 3. d4 exd4 4. Qxd4 Nc6 5. Qd3 Nf6 6. Nf3 b6 7. Bg5 Be7 8. O-O-O O-O 9. e3 Nb4 10. Qd2 c6 11. a3 Na6 12. Bd3 Nc5 13. Bc2 a5 14. e4 Ba6 15. exf5 d6 16. Bf4 Bxc4 17. Bxd6 Nb3+ 18. Bxb3 Bxb3 19. Bxe7 Qxe7 20. Rde1 Qc5 21. Qe3 Qxf5 22. Nd4 Nd5 23. Nxf5 Nxe3 24. Nxe3 Rxf2 25. Rhf1 Raf8 26. Rxf2 Rxf2 27. Rf1 Rxf1+ 28. Nxf1 b5 29. Nd2 Bd5 30. Nxd5 cxd5 31. Nb3 a4 32. Nd4 Kf7 33. Nxb5 Ke6 34. Kd2 Ke5 35. Nc3 1-0

[Event "Paul Keres mem (24th)"]
[Site "New Westminster CAN"]
[Date "1999.05.22"]
[Round "3"]
[White "Kuczaj, Chris"]
[Black "Neufahrt, Gerhard"]
[Result "1-0"]
[WhiteElo "2114"]
[BlackElo "2180"]
[PlyCount "69"]
[GameId "2160767911804978"]
[EventDate "1999.05.21"]
[EventType "swiss"]
[EventRounds "7"]
[EventCountry "CAN"]

1. d4 g6 2. e4 Bg7 3. Nc3 c6 4. Bc4 d6 5. Qf3 e6 6. Nge2 h5 7. Bb3 Nh6 8. Bf4 O-O 9. Qg3 Na6 10. h3 d5 11. Bg5 Qe8 12. Qf4 Kh7 13. Bf6 Bxf6 14. Qxf6 Qd8 15. Qf3 f5 16. exd5 exd5 17. Nf4 Nc7 18. O-O-O Ne6 19. Nce2 Qd6 20. Qg3 Nxf4 21. Nxf4 Bd7 22. Rhe1 Rae8 23. Rxe8 Rxe8 24. Nxh5 Qe7 25. Nf4 g5 26. Nd3 f4 27. Qf3 Bf5 28. Re1 Qf7 29. Ne5 Qf6 30. c3 Be4 31. Qh5 Bg6 32. Bc2 Bxc2 33. Qxe8 Bf5 34. Ng4 Nxg4 35. hxg4 1-0

[Event "Paul Keres mem (24th)"]
[Site "New Westminster CAN"]
[Date "1999.05.22"]
[Round "3"]
[White "Lee, Mau Seng"]
[Black "Hallam, John"]
[Result "0-1"]
[WhiteElo "2033"]
[BlackElo "2257"]
[PlyCount "98"]
[GameId "2160767911804980"]
[EventDate "1999.05.21"]
[EventType "swiss"]
[EventRounds "7"]
[EventCountry "CAN"]

1. e4 c6 2. Nc3 d5 3. Nf3 Bg4 4. h3 Bxf3 5. Qxf3 e6 6. exd5 cxd5 7. Bb5+ Nc6 8. O-O a6 9. Bxc6+ bxc6 10. d3 Be7 11. Ne2 Nf6 12. b3 O-O 13. Bb2 Ne8 14. Rfe1 Bf6 15. c3 Nd6 16. Ng3 g6 17. Re2 Re8 18. Qg4 Bg7 19. Qa4 Qb6 20. Rae1 Qb5 21. Qf4 e5 22. Qd2 Qa5 23. Ba1 f5 24. f3 Kf7 25. Qc2 f4 26. Nf1 Nf5 27. Kh2 Qc7 28. Bb2 c5 29. c4 d4 30. Bc1 Ne3 31. Nxe3 dxe3 32. Bb2 Rad8 33. Bc3 Rd7 34. b4 Red8 35. bxc5 Rxd3 36. Qb2 Qxc5 37. Rb1 R8d7 38. Bb4 Qxc4 39. Rc2 Qd4 40. Bc3 Qd5 41. a4 Bf6 42. Qb6 Bh4 43. Be1 Bxe1 44. Rxe1 Rd2 45. Rxd2 Qxd2 46. Qb3+ Kg7 47. Qe6 Qxe1 48. Qxd7+ Kh6 49. Qd3 e2 0-1

[Event "Paul Keres mem (24th)"]
[Site "New Westminster CAN"]
[Date "1999.05.22"]
[Round "3"]
[White "Martinovsky, Ian"]
[Black "Downey, Glen"]
[Result "1-0"]
[WhiteElo "2220"]
[BlackElo "2012"]
[PlyCount "73"]
[GameId "2160767911804982"]
[EventDate "1999.05.21"]
[EventType "swiss"]
[EventRounds "7"]
[EventCountry "CAN"]

1. f4 e5 2. d3 Nc6 3. Nf3 d6 4. e4 Nf6 5. Be2 Be7 6. O-O Bg4 7. c3 h6 8. b4 a6 9. Na3 Qd7 10. Kh1 O-O 11. Nc2 Rad8 12. a4 exf4 13. Bxf4 Ne5 14. Bxe5 Bxf3 15. Bxf6 Bxe2 16. Qxe2 Bxf6 17. d4 Rfe8 18. Qf3 c6 19. Rae1 Qe6 20. Re2 Qb3 21. Qg3 Qe6 22. Ne3 Qxe4 23. Rxf6 Qd3 24. Rff2 Re7 25. Nf1 Qxe2 26. Rxe2 Rxe2 27. h3 Re6 28. Kh2 Rde8 29. Qd3 Re2 30. b5 axb5 31. axb5 R8e6 32. d5 cxd5 33. Qxd5 Rf6 34. Ng3 Re7 35. c4 Rc7 36. b6 Rc6 37. Qxc6 1-0

[Event "Paul Keres mem (24th)"]
[Site "New Westminster CAN"]
[Date "1999.05.22"]
[Round "3"]
[White "Martinson, Rick"]
[Black "Baunok, Zoltan"]
[Result "1/2-1/2"]
[WhiteElo "1659"]
[BlackElo "2149"]
[PlyCount "67"]
[GameId "2160767911804983"]
[EventDate "1999.05.21"]
[EventType "swiss"]
[EventRounds "7"]
[EventCountry "CAN"]

1. d4 Nf6 2. c4 g6 3. Nc3 d5 4. e3 Bg7 5. Nf3 O-O 6. Qc2 c5 7. cxd5 cxd4 8. exd4 Nxd5 9. Nxd5 Qxd5 10. Bc4 Qa5+ 11. Bd2 Qb6 12. Bc3 Nc6 13. Qd2 Bg4 14. Ne5 Nxe5 15. dxe5 Rac8 16. Bb3 Qb5 17. f3 Bf5 18. Qe3 a5 19. e6 Bxc3+ 20. bxc3 Rc5 21. exf7+ Kg7 22. f4 e5 23. g3 a4 24. Bxa4 Qxa4 25. Qxc5 Qe4+ 26. Kf2 Qc2+ 27. Ke1 exf4 28. Rd1 Rxf7 29. Qe5+ Rf6 30. gxf4 Kh6 31. Rd2 Qc1+ 32. Rd1 Qc2 33. Rd2 Qc1+ 34. Rd1 1/2-1/2

[Event "Paul Keres mem (24th)"]
[Site "New Westminster CAN"]
[Date "1999.05.22"]
[Round "3"]
[White "Moisseev, Dmitri"]
[Black "Nishida, Harold"]
[Result "1-0"]
[WhiteElo "1875"]
[BlackElo "2085"]
[PlyCount "54"]
[GameId "2160767911804984"]
[EventDate "1999.05.21"]
[EventType "swiss"]
[EventRounds "7"]
[EventCountry "CAN"]

1. e4 c5 2. b3 Nc6 3. Bc4 Nf6 4. Bb2 Nxe4 5. Bxf7+ Kxf7 6. Qh5+ g6 7. Qd5+ e6 8. Qxe4 Rg8 9. Nf3 Bg7 10. Qf4+ Ke8 11. Nc3 d5 12. O-O-O Rf8 13. Qg3 Rf7 14. Rhe1 Re7 15. Ng5 Bf6 16. Nb5 Bxb2+ 17. Kxb2 e5 18. f4 a6 19. Nc3 Bf5 20. fxe5 h6 21. Nh3 d4 22. Ne4 Rxe5 23. Nxc5 d3 24. Rxe5+ Kf7 25. c3 Nxe5 26. Qxe5 Qa5 27. Nxd3 Qxe5 1-0

[Event "Paul Keres mem (24th)"]
[Site "New Westminster CAN"]
[Date "1999.05.22"]
[Round "3"]
[White "Niksic, John"]
[Black "Woodward, Greg"]
[Result "1-0"]
[WhiteElo "2170"]
[BlackElo "1958"]
[PlyCount "73"]
[GameId "2160767911804985"]
[EventDate "1999.05.21"]
[EventType "swiss"]
[EventRounds "7"]
[EventCountry "CAN"]

1. d4 Nf6 2. Nf3 g6 3. c4 Bg7 4. g3 d6 5. Bg2 O-O 6. O-O c6 7. Nc3 Qa5 8. a3 Qa6 9. b3 d5 10. Nd2 Be6 11. Na4 Nbd7 12. Qc2 Rac8 13. c5 Qxe2 14. Bf3 Qa6 15. Re1 b6 16. b4 Rfe8 17. Be2 Qb7 18. Bd3 Ng4 19. Nf3 Nh6 20. Bxh6 Bxh6 21. Kg2 Bg4 22. Ng1 e6 23. h3 Bf5 24. Bxf5 exf5 25. Re2 b5 26. Nb2 Nf6 27. Rae1 Rxe2 28. Rxe2 Re8 29. Rxe8+ Nxe8 30. Qe2 Qd7 31. Nd3 f6 32. f4 Kf7 33. Nf3 Ng7 34. Nfe5+ fxe5 35. Nxe5+ Ke8 36. Nxd7+ Kxd7 37. Qe5 1-0

[Event "Paul Keres mem (24th)"]
[Site "New Westminster CAN"]
[Date "1999.05.22"]
[Round "3"]
[White "Orlov, Georgi"]
[Black "Milicevic, Dragoljub"]
[Result "1-0"]
[WhiteElo "2495"]
[BlackElo "2226"]
[PlyCount "79"]
[GameId "2160767911804986"]
[EventDate "1999.05.21"]
[EventType "swiss"]
[EventRounds "7"]
[EventCountry "CAN"]
[SourceTitle "EXT 2000"]
[Source "ChessBase"]
[SourceDate "1999.11.18"]
[SourceVersion "1"]
[SourceVersionDate "1999.11.18"]
[SourceQuality "1"]

1. d4 f5 2. c4 g6 3. Nc3 Nf6 4. Nf3 Bg7 5. g3 O-O 6. Bg2 d6 7. O-O Qe8 8. b4 c6 9. b5 h6 10. a4 g5 11. e3 Qf7 12. Qe2 Nh5 13. Re1 e5 14. bxc6 bxc6 15. Ba3 Re8 16. Rad1 e4 17. Nd2 d5 18. Rb1 Ba6 19. Qd1 Nd7 20. cxd5 cxd5 21. Nb5 Bxb5 22. Rxb5 Rab8 23. Qb3 Rxb5 24. Qxb5 Rb8 25. Qa5 Ndf6 26. Rb1 Rxb1+ 27. Nxb1 f4 28. Nc3 fxe3 29. fxe3 Qb7 30. Qb5 Qxb5 31. axb5 Bf8 32. Bc5 Bxc5 33. dxc5 Nd7 34. b6 a6 35. b7 Nb8 36. Nxd5 Kf7 37. Bxe4 Ke6 38. c6 Nxc6 39. Nc7+ Kd6 40. Nxa6 1-0

[Event "Paul Keres mem (24th)"]
[Site "New Westminster CAN"]
[Date "1999.05.22"]
[Round "3"]
[White "Poitras, Luc"]
[Black "Aquino, Manfrei"]
[Result "1-0"]
[WhiteElo "2201"]
[BlackElo "1959"]
[PlyCount "113"]
[GameId "2160767911804987"]
[EventDate "1999.05.21"]
[EventType "swiss"]
[EventRounds "7"]
[EventCountry "CAN"]

1. e4 e5 2. Nf3 Nc6 3. Bb5 a6 4. Ba4 Nf6 5. O-O Be7 6. Re1 b5 7. Bb3 O-O 8. c3 d5 9. exd5 Nxd5 10. Nxe5 Nxe5 11. Rxe5 c6 12. d4 Bd6 13. Re1 Qh4 14. g3 Qh3 15. Bxd5 cxd5 16. Be3 Bg4 17. Qd3 f5 18. f4 Rf6 19. Qf1 Qh5 20. Nd2 Rh6 21. Qf2 Kh8 22. h4 Rg8 23. Kg2 Re8 24. Nf3 Bxf3+ 25. Qxf3 Qf7 26. Bf2 Re4 27. Rxe4 fxe4 28. Qg4 Re6 29. Be3 g6 30. Rf1 Qf5 31. Qe2 Be7 32. Ra1 Rc6 33. a3 h5 34. a4 b4 35. cxb4 Bxb4 36. Rc1 Qc8 37. Rxc6 Qxc6 38. f5 Kg7 39. fxg6 Qxg6 40. Bf4 Kf7 41. Bg5 Bf8 42. Qc2 Bg7 43. Qc7+ Kg8 44. Qd8+ Kh7 45. Qxd5 Qb6 46. Qxe4+ Kg8 47. Qd5+ Kh7 48. b3 Bxd4 49. Qf7+ Bg7 50. Qxh5+ Kg8 51. Qe8+ Kh7 52. Qe4+ Kh8 53. Qe8+ Kh7 54. Qe3 Bd4 55. Qd3+ Kg7 56. h5 Qc6+ 57. Kh2 1-0

[Event "Paul Keres mem (24th)"]
[Site "New Westminster CAN"]
[Date "1999.05.22"]
[Round "3"]
[White "Pupols, Viktors"]
[Black "Teplitsky, Yan"]
[Result "0-1"]
[WhiteElo "2254"]
[BlackElo "2453"]
[PlyCount "94"]
[GameId "2160767911804988"]
[EventDate "1999.05.21"]
[EventType "swiss"]
[EventRounds "7"]
[EventCountry "CAN"]
[SourceTitle "EXT 2000"]
[Source "ChessBase"]
[SourceDate "1999.11.18"]
[SourceVersion "1"]
[SourceVersionDate "1999.11.18"]
[SourceQuality "1"]

1. e4 c5 2. d3 Nc6 3. g3 g6 4. Bg2 Bg7 5. f4 d6 6. Nf3 e5 7. Nc3 Nge7 8. O-O O-O 9. Be3 Nd4 10. Qd2 Bg4 11. Rae1 Rc8 12. Nd1 Qd7 13. c4 b5 14. Nc3 b4 15. Ne2 Nxe2+ 16. Rxe2 exf4 17. gxf4 Nc6 18. Ref2 Kh8 19. Kh1 Rce8 20. e5 f6 21. d4 Bxf3 22. Rxf3 cxd4 23. exf6 Bxf6 24. Bf2 Re7 25. Rd3 Qc7 26. Qd1 Qb6 27. Qf3 Rc8 28. Rfd1 Kg7 29. Qg4 Rce8 30. Qf3 Rc7 31. Kg1 Qa6 32. b3 Qxa2 33. Qh3 Re2 34. Rf1 Ne7 35. Bf3 Rd2 36. Be4 Rxd3 37. Qxd3 Qb2 38. Rd1 Nc6 39. Bxc6 Rxc6 40. Qe4 Qxb3 41. Rxd4 Rc7 42. Qe6 Qb1+ 43. Kg2 Re7 44. Qxd6 b3 45. c5 b2 46. Rb4 Qc2 47. Qb8 a5 0-1

[Event "Paul Keres mem (24th)"]
[Site "New Westminster CAN"]
[Date "1999.05.22"]
[Round "3"]
[White "San Juan, Louie"]
[Black "Pechisker, Alfred"]
[Result "1/2-1/2"]
[WhiteElo "2013"]
[BlackElo "2221"]
[PlyCount "144"]
[GameId "2160767911804989"]
[EventDate "1999.05.21"]
[EventType "swiss"]
[EventRounds "7"]
[EventCountry "CAN"]

1. d4 Nf6 2. e3 d5 3. Bd3 e6 4. Nd2 c5 5. c3 Nc6 6. f4 cxd4 7. exd4 Bd6 8. Ndf3 Ne4 9. Bxe4 dxe4 10. Ne5 Nxe5 11. fxe5 Be7 12. Qg4 Kf8 13. Qxe4 Rb8 14. Ne2 b5 15. O-O Bb7 16. Qg4 Bd5 17. Nf4 Rb6 18. Nh5 g5 19. Nf6 Bxf6 20. Rxf6 Ke8 21. Bxg5 Rg8 22. Qh5 Qe7 23. h4 Qf8 24. Qxh7 Rh8 25. Qd3 Qg7 26. Qd2 Qh7 27. Raf1 Rb7 28. b3 Qe4 29. R6f4 Qg6 30. Qe2 Bc6 31. Rf6 Qg7 32. Qc2 Qh7 33. Qxh7 Rxh7 34. Rh6 Rxh6 35. Bxh6 Be4 36. g4 Rc7 37. Bd2 Kf8 38. h5 Rc6 39. Kf2 Ra6 40. Bh6+ Kg8 41. Ke3 Bc2 42. g5 Rxa2 43. Rg1 Kh7 44. Bf8 Bf5 45. Rf1 Rh2 46. Ra1 Rxh5 47. Rxa7 Rxg5 48. Rb7 Rg3+ 49. Kf2 Rxc3 50. Rxb5 Be4 51. b4 Kg6 52. Ra5 Rb3 53. Bc5 f5 54. exf6 Kxf6 55. b5 Bd5 56. b6 Kf5 57. Ra7 Kf4 58. Rf7+ Kg4 59. Re7 Kf4 60. Ke2 Kf5 61. Kd2 Kf6 62. Re8 Kf7 63. Rf8+ Kg7 64. Rd8 Be4 65. Rd7+ Kf6 66. Rd8 Kf7 67. Rh8 Kf6 68. Rf8+ Kg7 69. Rf4 Bd5 70. Kc2 Rb5 71. Rf1 Kg6 72. Ra1 Kf5 1/2-1/2

[Event "Paul Keres mem (24th)"]
[Site "New Westminster CAN"]
[Date "1999.05.22"]
[Round "3"]
[White "Stanford, Mike"]
[Black "Pangilinan, Emmanuel"]
[Result "0-1"]
[WhiteElo "1970"]
[BlackElo "1903"]
[PlyCount "88"]
[GameId "2160767911804990"]
[EventDate "1999.05.21"]
[EventType "swiss"]
[EventRounds "7"]
[EventCountry "CAN"]

1. e4 c5 2. Nf3 b6 3. Nc3 Bb7 4. Bc4 e6 5. d3 a6 6. a4 d6 7. O-O h6 8. Re1 Ne7 9. d4 Nd7 10. d5 e5 11. h3 g5 12. Nh2 Ng6 13. g3 Rg8 14. Kh1 Nf6 15. Ng4 Bc8 16. Be2 Nh7 17. Kh2 Qe7 18. f3 h5 19. Nf2 Rh8 20. Ra3 Bh6 21. Rb3 Qc7 22. Be3 Rb8 23. Rg1 Nhf8 24. Qd2 Qe7 25. Ra3 f6 26. Raa1 Qd7 27. Rab1 Nf4 28. Bf1 b5 29. gxf4 gxf4 30. Bxc5 dxc5 31. axb5 axb5 32. Ra1 b4 33. Na4 Qd6 34. b3 Bg5 35. Nb2 Nh7 36. Nc4 Qd7 37. Ra5 Bh4 38. Rxc5 Ba6 39. Rc6 Bxc4 40. bxc4 Ng5 41. Qe2 Bg3+ 42. Kh1 b3 43. cxb3 Rxb3 44. Bg2 Kf7 0-1

[Event "Paul Keres mem (24th)"]
[Site "New Westminster CAN"]
[Date "1999.05.22"]
[Round "3"]
[White "Stockhausen, Peter"]
[Black "Holubowicz, Kazimiercz"]
[Result "0-1"]
[WhiteElo "1725"]
[BlackElo "1776"]
[PlyCount "60"]
[GameId "2160767911804991"]
[EventDate "1999.05.21"]
[EventType "swiss"]
[EventRounds "7"]
[EventCountry "CAN"]

1. e4 e5 2. f4 d5 3. exd5 e4 4. Nc3 Nf6 5. Qe2 Bd6 6. Nxe4 O-O 7. Nxf6+ gxf6 8. Qf2 Qe7+ 9. Be2 Bf5 10. d3 Bc5 11. d4 Bb6 12. c3 c5 13. Qe3 Qd6 14. Qg3+ Kh8 15. Be3 cxd4 16. Bxd4 Bxd4 17. cxd4 Re8 18. Qf3 Be4 19. Qg4 Rg8 20. Qxg8+ Kxg8 21. Nf3 Qb4+ 22. Kf2 Bxf3 23. Bxf3 Qxd4+ 24. Kg3 Nd7 25. Rhd1 Qb6 26. Rac1 Kh8 27. d6 Rg8+ 28. Kh3 Nc5 29. d7 Nxd7 30. Rxd7 Qe6+ 0-1

[Event "Paul Keres mem (24th)"]
[Site "New Westminster CAN"]
[Date "1999.05.22"]
[Round "3"]
[White "Sullivan, Brian"]
[Black "Monteith, Donald"]
[Result "0-1"]
[WhiteElo "1743"]
[BlackElo "1905"]
[PlyCount "98"]
[GameId "2160767911804992"]
[EventDate "1999.05.21"]
[EventType "swiss"]
[EventRounds "7"]
[EventCountry "CAN"]

1. e4 e6 2. d4 d5 3. exd5 exd5 4. Nf3 Bd6 5. Bd3 Nf6 6. O-O O-O 7. h3 Nbd7 8. c3 c5 9. Nbd2 c4 10. Bb1 Re8 11. Re1 b5 12. Nf1 b4 13. cxb4 Bxb4 14. Bd2 a5 15. Ng3 Nf8 16. Bc2 Ne6 17. a3 Bxd2 18. Qxd2 Rb8 19. Ne5 Bd7 20. f4 Qb6 21. Nxd7 Nxd7 22. Kh2 Qxd4 23. Qxd4 Nxd4 24. Ba4 Rxe1 25. Rxe1 Nc5 26. Bd1 Nd3 27. Re7 Nxf4 28. Ne2 Nfxe2 29. Bxe2 Nxe2 30. Rxe2 Kf8 31. Kg3 f6 32. Kf4 Kf7 33. h4 Rd8 34. g4 d4 35. Rd2 a4 36. Ke4 d3 37. Kf4 Re8 38. Kf3 Ke6 39. Ke4 Kd6+ 40. Kd4 Re2 41. Rd1 Rc2 42. Re1 d2 43. Rd1 Kc6 44. Ke3 Rxb2 45. Kd4 Kb5 46. Kc3 Rb3+ 47. Kxd2 Rd3+ 48. Kc2 Rxd1 49. Kxd1 c3 0-1